ბათუმის შოთა რუსთაველის სახელმწიფო უნივერსიტეტის ბიბლიოთეკა

ლექსები:მონოლოგები (ბიბ.ჩანაწერი № 43519)

000 -LEADER
fixed length control field 00660nam a2200205Ia 4500
001 - CONTROL NUMBER
control field 10250
003 - CONTROL NUMBER IDENTIFIER
control field GE_BSU
008 - FIXED-LENGTH DATA ELEMENTS--GENERAL INFORMATION
fixed length control field 181216s||||||||xx |||||||||||||| ||und||
040 ## - CATALOGING SOURCE
Transcribing agency GE_BSU
080 ## - UNIVERSAL DECIMAL CLASSIFICATION NUMBER
Universal Decimal Classification number 821.353.1–1
100 ## - MAIN ENTRY--PERSONAL NAME
Personal name სეიდიშვილი,ლადო
245 ## - TITLE STATEMENT
Title ლექსები:მონოლოგები
245 ## - TITLE STATEMENT
Statement of responsibility, etc. რედ.თ.ჩხენკელი,მხატვ.ჯ.მიქელაძე
260 ## - PUBLICATION, DISTRIBUTION, ETC.
Place of publication, distribution, etc. ბათუმი
260 ## - PUBLICATION, DISTRIBUTION, ETC.
Name of publisher, distributor, etc. საბჭოთა აჭარა
260 ## - PUBLICATION, DISTRIBUTION, ETC.
Date of publication, distribution, etc. 1979
300 ## - PHYSICAL DESCRIPTION
Extent 71გვ.16სმ.
653 ## - INDEX TERM--UNCONTROLLED
Uncontrolled term ლექსები:მონოლოგები
942 ## - ADDED ENTRY ELEMENTS (KOHA)
Koha item type წიგნი
ეგზემპლარები
Withdrawn status Lost status Damaged status Not for loan Date acquired Barcode Date last seen Price effective from Koha item type
        2018-12-17 33665 2018-12-17 2018-12-17 წიგნი